You can tell she's a princess (barbie) - lyrics - Statistics

General Stats
  • This quiz has been taken 30 times
  • The average score is 166 of 213
Answer Stats
Answer % Correct
A
100%
Can
100%
Crown
100%
Doesn't
100%
Princess
100%
She
100%
She's
100%
Tell
100%
You
100%
(You
100%
Need
95%
Her
90%
Turn
90%
Around
86%
Hair
86%
Hair)
86%
See
86%
She'll
86%
World
86%
The
81%
It
76%
In
71%
Smile
71%
Smile)
71%
And
67%
(And
67%
But
57%
Style
57%
Is
57%
Style)
57%
To
57%
Way
57%
Are
52%
Majesty
52%
Wears
52%
(Yeah
52%
Yeah
52%
Yeah)
52%
Back
48%
Even
48%
Falls
48%
Girl
48%
Girly
48%
If
48%
Laugh
48%
Never
48%
(No
48%
No
48%
No)
48%
Secret
48%
Shoulders
48%
Slack
48%
Spinning
48%
Stand
48%
Tall
48%
Twirling
48%
Up
48%
You'll
48%
Flair
43%
Flair)
43%
Royalty
38%
That
38%
Apart
33%
Heart
33%
(Na
33%
Na
33%
Na)
33%
Kindness
29%
Sets
29%
Shows
29%
Upon
29%
Etched
24%
No matching quizzes found
Score Distribution
Percent of People with Each Score
Percentile by Number Answered
Your Score History
You have not taken this quiz